000 00610nam a2200241Ia 4500
003 OSt
005 20220918192733.0
006 a|||||r|||| 00| 0
007 ta
008 220917b |||||||| |||| 00| 0 eng d
024 _a69,925
037 _cTextual
040 _aARTS
_cARTS
_beng
041 _2eng
_aeng
082 _aR17, K21 (2D)
100 _aBarzun Jacques
_958267
245 0 _aModern researcher
260 _c1962
650 _aPHILOSOPHY
700 _a Graff Henry F
_979985
942 _hR17, K21 (2D)
_cTEXL
_2CC
999 _c196054
_d196054